Disputatio Metaphysica De Communicatione Proprii

Saved in:  
Bibliographic Details
Authors: Caselius, Martin 1608-1656 (Author) ; Hackmann, Jacob 1610-1698 (Author)
Corporate Author: Universität Wittenberg (Other)
Contributors: Petkum, Hermannus a (Printer) ; Rothe, Ambrosius
Format: Electronic Book
Language:Latin
Subito Delivery Service: Order now.
Check availability: HBZ Gateway
WorldCat: WorldCat
Interlibrary Loan:Interlibrary Loan for the Fachinformationsdienste (Specialized Information Services in Germany)
Published: Wittebergae Rothus 1637
In:Year: 1637
Further subjects:B Dissertation:phil
Online Access: Publisher
Parallel Edition:Non-electronic
Sammlungen:

MARC

LEADER 00000cam a2200000 c 4500
001 667610944
003 DE-627
005 20240712063915.0
007 cr uuu---uuuuu
008 110901s1637 xx |||||q 00| ||lat c
035 |a (DE-627)667610944 
035 |a (DE-576)9667610942 
035 |a (DE-599)GBV667610944 
035 |a (OCoLC)838022002 
040 |a DE-627  |b ger  |c DE-627  |e rakwb 
041 |a lat 
084 |a 1  |2 ssgn 
100 1 |0 (DE-588)103141472  |0 (DE-627)147351804  |0 (DE-576)288865707  |4 aut  |a Caselius, Martin  |d 1608-1656 
109 |a Caselius, Martin 1608-1656  |a Casel, Martin 1608-1656  |a Caselius, Martinus 1608-1656  |a Casselius, Martin 1608-1656 
245 1 0 |a Disputatio Metaphysica De Communicatione Proprii  |c Quam ... In Academia Wittebergensi Praeside ... Dn. M. Martino Caselio ... Jacobus Heckman Otterndorfio-Hadelensis. In Auditorio Collegii Veteris Die 4. Mart. horis a 7. matudinis. publico examini subiiciet 
256 |a TIFF, Verson 6.0, mind. 300 dpi, 1x8, Digitalisierungsvorlage: Original 
264 1 |a Wittebergae  |b Rothus  |c 1637 
300 |a [8] Bl  |c 4° 
336 |a nicht spezifiziert  |b zzz  |2 rdacontent 
337 |a Computermedien  |b c  |2 rdamedia 
338 |a nicht spezifiziert  |b zu  |2 rdacarrier 
533 |a Reproduktion  |d 2000  |7 |2000|||||||||| 
535 1 |a B PS Wittenberg  |3 Diss117/8 
540 |q DE-Wb1  |a Nutzungsrecht: Bibliothek des Evangelischen Predigerseminars Wittenberg 
655 7 |a Dissertation:phil  |0 (DE-627)096631163  |2 local 
700 1 |0 (DE-588)124740316  |0 (DE-627)365711314  |0 (DE-576)29447644X  |4 aut  |a Hackmann, Jacob  |d 1610-1698 
700 1 |a Petkum, Hermannus a  |e Beiträger  |4 oth 
700 1 |0 (DE-588)1037505239  |0 (DE-627)756076323  |0 (DE-576)391561146  |4 prt  |a Rothe, Ambrosius 
710 2 |a Universität Wittenberg  |4 oth 
751 |a Wittenberg  |4 pup 
776 0 8 |i Erscheint auch als  |n Druck-Ausgabe  |a Caselius, Martin, 1608 - 1656  |t Disputatio Metaphysica De Communicatione Proprii  |d Wittebergae : Rothus, 1637  |h [8] Bl  |w (DE-627)549911685  |w (DE-576)9549911683  |k Non-Electronic 
856 4 2 |u http://vd17.bibliothek.uni-halle.de/pict/2007/3:696806Q/  |x Verlag  |7 1 
935 |a RFBW  |a mteo 
951 |a BO 
ELC |a 1 
LOK |0 000 xxxxxcx a22 zn 4500 
LOK |0 001 4494339997 
LOK |0 003 DE-627 
LOK |0 004 667610944 
LOK |0 005 20240516143606 
LOK |0 008 240229||||||||||||||||ger||||||| 
LOK |0 040   |a DE-Tue135  |c DE-627  |d DE-Tue135 
LOK |0 092   |o n 
LOK |0 852   |a DE-Tue135 
LOK |0 852 1  |9 00 
LOK |0 866   |x SPQUE#Reformationsgeschichtliche Forschungsbibliothek Wittenberg#SPSAM#Predigerseminar#SPUSM#Altbestand#SPSYS#Dissertationen 
LOK |0 935   |a RFBW  |a bips  |a psab 
LOK |0 939   |a 29-02-24  |b l01 
ORI |a SA-MARC-ixtheoa001.raw